Schönes alltäglich erleben : Über die Ästhetisierung der Kultur /

Ästhetisierung als das Streben, Schönes zu erleben, hat die Entwicklung der Menschheit vorangetrieben. Heute bestimmt sie als Megatrend den Alltag. In Auseinandersetzung mit dem Ästhetisierungsmodell von Andreas Reckwitz zeichnet Kaspar Maase diese Entwicklung bis in die Gegenwart nach. Welche Rolle...

Full description

Bibliographic Details
Main Author: Maase, Kaspar (Author)
Corporate Author: Walter de Gruyter & Co
Format: eBook
Language:German
Language Notes:In German.
Published: Bielefeld : transcript Verlag, [2022]
Series:Edition Kulturwissenschaft ; 265
Subjects:
Online Access:Connect to the full text of this electronic book

MARC

Tag First Indicator Second Indicator Subfields
LEADER 00000cam a2200000Mi 4500
001 in00004776513
006 m o d
007 cr cnu---unuuu
008 220729t20222022gw fod z000 0 ger d
005 20240212223813.2
035 |a (OCoLC)on1338020121 
040 |a DEGRU  |b eng  |e rda  |c DEGRU  |d N$T  |d OCLCF  |d EBLCP  |d OCLCQ  |d DEGRU  |d OCLCO  |d OCLCQ 
020 |a 9783839461174  |q (electronic bk.) 
020 |a 3839461170 
024 7 |a 10.1515/9783839461174  |2 doi 
035 |a (OCoLC)1338020121 
050 4 |a BH301.P78 
072 7 |a SOC022000  |2 bisacsh 
082 0 4 |a 111.85  |2 23/eng/20221004 
084 |a LB 40000  |2 rvk  |0 (DE-625)rvk/90549:772 
049 |a TXAM 
100 1 |a Maase, Kaspar,  |e author.  |4 aut  |4 http://id.loc.gov/vocabulary/relators/aut 
245 1 0 |a Schönes alltäglich erleben :  |b Über die Ästhetisierung der Kultur /  |c Kaspar Maase. 
264 1 |a Bielefeld :  |b transcript Verlag,  |c [2022] 
264 4 |c ©2022 
300 |a 1 online resource (192 pages). 
336 |a text  |b txt  |2 rdacontent 
337 |a computer  |b c  |2 rdamedia 
338 |a online resource  |b cr  |2 rdacarrier 
490 0 |a Edition Kulturwissenschaft ;  |v 265 
505 0 0 |t Frontmatter --  |t Inhalt --  |t Einleitung --  |t 1. Der Rahmen: Ästhetisierung des Alltagslebens --  |t 2. Ästhetisch -- Schönes -- Kunst: Begriffsklärungen --  |t 3. Alltäglichkeit, Alltagspraktiken, Alltagsästhetik --  |t 4. Ästhetisch Erleben -- ein Kontinuum --  |t 5. Dimensionen alltagsästhetischen Erlebens --  |t 6. Ausblick --  |t Literatur --  |t Personenregister --  |t Sachregister 
520 |a Ästhetisierung als das Streben, Schönes zu erleben, hat die Entwicklung der Menschheit vorangetrieben. Heute bestimmt sie als Megatrend den Alltag. In Auseinandersetzung mit dem Ästhetisierungsmodell von Andreas Reckwitz zeichnet Kaspar Maase diese Entwicklung bis in die Gegenwart nach. Welche Rolle spielt dabei die Kunst und die sinnlich anregende Umwelt? Was macht die Alltäglichkeit ästhetischen Erlebens aus, bei der Zerstreuung als Praxis verteilter Aufmerksamkeit dominiert? Und wie verbinden sich Vergnügen und sinnliche Erkenntnis, Fühlen und Wissen, Empfinden und Darüber-Reden? Potenziale und Grenzen heutiger Ästhetisierung werden aus der Perspektive gewöhnlicher Alltagsakteur*innen erörtert. 
546 |a In German. 
588 0 |a Description based on online resource; title from PDF title page (publisher's Web site, viewed 29. Jul 2022). 
650 0 |a Aesthetics  |x Psychological aspects. 
650 4 |a Alltag. 
650 4 |a Cultural Studies. 
650 4 |a Empfinden. 
650 4 |a Erleben. 
650 4 |a Fühlen. 
650 4 |a Kultur. 
650 4 |a Kultursoziologie. 
650 4 |a Kulturtheorie. 
650 4 |a Kulturwissenschaft. 
650 4 |a Kunst. 
650 4 |a Massenkunst. 
650 4 |a Popkultur. 
650 4 |a Praxis. 
650 4 |a Ästhetisierung. 
650 7 |a SOCIAL SCIENCE / Popular Culture.  |2 bisacsh 
650 7 |a Aesthetics  |x Psychological aspects  |2 fast 
653 |a Aesthetizication. 
653 |a Art. 
653 |a Cultural Studies. 
653 |a Cultural Theory. 
653 |a Culture. 
653 |a Everyday Life. 
653 |a Experience. 
653 |a Feel. 
653 |a Popular Culture. 
653 |a Practice. 
653 |a Sociology of Culture. 
653 |a V. 
655 7 |a Electronic books.  |2 local 
710 2 |a Walter de Gruyter & Co. 
776 0 8 |i Print version:  |a Maase, Kaspar.  |t Sch̲nes allt̃glich erleben.  |d Bielefeld : transcript Verlag, [2022]  |z 9783839461174 
856 4 0 |u https://www.degruyter.com/openurl?genre=book&isbn=9783839461174  |z Connect to the full text of this electronic book  |t 0 
955 |a De Gruyter Open Access ebooks 
994 |a 92  |b TXA 
999 f f |s 0a48033e-7087-496e-be0b-7a16ee05926a  |i a9ac99cf-28ea-4be1-985c-3592eb196e2e  |t 0 
952 f f |a Texas A&M University  |b College Station  |c Electronic Resources  |d Available Online  |t 0  |e BH301.P78   |h Library of Congress classification 
998 f f |a BH301.P78   |t 0  |l Available Online